| 000 | 00800nam a22002297a 4500 | ||
|---|---|---|---|
| 999 |
_c175642 _d175642 |
||
| 005 | 20200911153008.0 | ||
| 010 | _aENG-128419 | ||
| 020 |
_c625.00 _a9789353944483 |
||
| 035 | _aEN-111951 | ||
| 037 | _bDBAD/PUB | ||
| 082 | _a510 | ||
| 245 |
_aPearson IIT Foundation Mathematics 2020 Class 9/ _cedited by Sonal Jain, Gupta Aishwarya and Vipin Kumar |
||
| 250 | _a9th edition | ||
| 260 |
_aNoida _bPearson _c2020 |
||
| 270 |
_a15th floor,Tower-B,Word Trade Tower,Plot no.1,Block-C sec 16, _bNoida _e201301 _k04466540100 _mcompanysecretary.india@pearson.com |
||
| 300 |
_axviii; Various pages. _c25cm(pbk) _bGeometrical Diagrams |
||
| 500 | _aIncludes Mock Test | ||
| 700 | _aJain, Sonal | ||
| 700 | _aGupta, Aishwarya | ||
| 700 | _aKumar, Vipin | ||
| 942 |
_2ddc _cEN _h510 _mPEA |
||